Three Most Populated Towns by Comarca - Statistics

General Stats
  • This quiz has been taken 85 times
  • The average score is 64 of 126
Answer Stats
Population Town % Correct
1,636,193 Barcelona
96%
265,444 l'Hospitalet de Llobregat
93%
140,797 Lleida
91%
102,666 Girona
90%
47,088 Figueres
88%
106,741 Reus
88%
134,883 Tarragona
88%
223,506 Badalona
87%
215,760 Sabadell
87%
128,956 Mataró
86%
24,727 Valls
86%
16,762 Berga
84%
36,716 Olot
84%
9,484 Puigcerdà
84%
77,452 Manresa
83%
224,114 Terrassa
83%
47,545 Vic
83%
21,807 Amposta
81%
6,548 Moià
81%
10,641 Ripoll
81%
20,187 Banyoles
80%
61,983 Granollers
78%
12,261 la Seu d'Urgell
78%
33,890 Tortosa
78%
9,131 Solsona
77%
68,152 Vilanova i la Geltrú
77%
40,767 Igualada
75%
2,192 Sort
75%
5,847 Tremp
75%
17,460 Balaguer
74%
5,581 Vielha e Mijaran
74%
40,056 Vilafranca del Penedès
74%
40,579 Blanes
71%
2,740 Falset
71%
31,222 Sitges
71%
89,039 Cornellà de Llobregat
70%
2,407 Cornellà del Terri
70%
14,730 Mollerussa
70%
29,028 Salou
70%
83,371 Sant Boi de Llobregat
70%
32,517 Salt
68%
95,725 Sant Cugat del Vallès
68%
9,393 Cervera
67%
6,248 les Borges Blanques
65%
38,941 Lloret de Mar
65%
5,585 Móra d'Ebre
65%
17,810 Tàrrega
65%
39,072 el Vendrell
64%
7,410 Montblanc
64%
19,907 Roses
64%
2,336 el Pont de Suert
62%
67,307 Castelldefels
58%
11,656 Deltebre
58%
3,100 Gandesa
57%
51,294 Mollet del Vallès
57%
13,557 Santa Coloma de Farners
55%
1,717 Alp
54%
20,883 Manlleu
54%
18,145 Palamós
54%
35,675 Cambrils
52%
14,767 la Ràpita
52%
12,863 Sant Sadurní d'Anoia
52%
3,055 la Pobla de Segur
51%
22,681 Vila-seca
51%
28,518 Premià de Mar
49%
22,149 Sant Feliu de Guíxols
49%
9,612 Alcanar
46%
14,726 Torelló
46%
3,198 Móra la Nova
45%
31,688 Sant Pere de Ribes
45%
9,637 Alcarràs
43%
29,102 Calafell
43%
7,390 Guissona
43%
23,396 Palafrugell
43%
28,083 Pineda de Mar
43%
5,479 Agramunt
42%
14,622 Cunit
42%
3,426 Flix
42%
2,176 Bellver de Cerdanya
39%
10,680 Cassà de la Selva
36%
3,698 l'Espluga de Francolí
36%
3,274 Sant Joan de les Abadesses
36%
3,217 Campdevànol
35%
11,611 Castelló d'Empúries
35%
2,655 Castellterçol
35%
841 Esterri d'Àneu
33%
5,290 Alcover
32%
3,470 Artesa de Segre
32%
1,121 Bossòst
32%
1,090 la Vall de Boí
32%
4,940 Gironella
30%
16,787 Piera
30%
6,922 Almacelles
29%
13,101 Mont-roig del Camp
29%
7,814 Gelida
28%
2,661 Ponts
28%
4,712 Porqueres
28%
12,699 Vilanova del Camí
28%
1,154 Horta de Sant Joan
26%
3,558 Juneda
26%
20,322 les Franqueses del Vallès
26%
1,923 Naut Aran
26%
1,101 Calders
25%
4,327 Puig-reig
25%
675 Rialp
25%
2,755 Santa Coloma de Queralt
25%
1,863 Batea
23%
10,820 Sant Joan de Vilatorrada
23%
5,168 Bellpuig
22%
1,849 Oliana
22%
8,193 Roquetes
22%
532 Vilaller
22%
1,057 Isona i Conca Dellà
20%
593 Marçà
20%
2,100 Arbeca
19%
1,000 Sant Llorenç de Morunys
19%
9,949 Sant Vicenç de Castellet
19%
2,342 Bell-lloc d'Urgell
17%
2,723 Linyola
17%
978 Cornudella de Montsant
16%
3,143 la Vall d'en Bas
16%
3,054 Sant Joan les Fonts
14%
2,340 el Pla de Santa Maria
13%
1,224 Torà
12%
1,083 Montferrer i Castellbò
10%
985 Olius
7%
No matching quizzes found
Score Distribution
Percent of People with Each Score
Percentile by Number Answered
Your Score History
You have not taken this quiz